000
00331pam a2200145 a 4500
020
_c
041
_a
eng
082
_a
628.168
_b
KHO
100
_a
Khashoo.T.N.
245
_a
Environmental Concerns And Strategies
_h
Textual Documents
250
_a
3.
260
_a
Lalbagh
_b
Ashish Publications
300
_a
687p.
930
_a
13394
999
_c
90295
_d
90295